000 01333cam a2200325 a 4500
001 2544388
003 OSt
005 20180116192414.0
008 950803s1995 nyua b 001 0 eng
010 _a 94061111
020 _a0500278199
040 _aDLC
_cDLC
_dDLC
050 0 0 _aSB470.5
_b.J44 1995
082 0 0 _a712.09
_220
100 1 _aJellicoe, Geoffrey, Alan,
_d1900-
_96359
245 1 4 _aThe landscape of man :
_bshaping the environment from prehistory to the present day /
_cGeoffrey and Susan Jellicoe.
250 _a3rd ed., expanded and updated, Rev. and enl. ed.
260 _aNew York, N.Y. :
_bThames and Hudson,
_c1995.
300 _a408 p. :
_bill. ;
_c29 cm.
504 _aIncludes bibliographical references (p. 402-404) and index.
650 0 _aLandscape architecture
_xHistory.
_96360
650 0 _aNature
_xEffect of human beings on
_xHistory.
_96361
650 0 _aLandscape architecture
_xHistory
_xPictorial works.
_96362
650 0 _aNature
_xEffect of human beings on
_xHistory
_xPictorial works.
_96363
700 1 _aJellicoe, Susan.
_96364
906 _a7
_bcbc
_corignew
_d2
_eopcn
_f19
_gy-gencatlg
942 _2ddc
_cBK
999 _c353653
_d353653